| 000 | 00587nam a22001457a 4500 | ||
|---|---|---|---|
| 082 |
_aP-435(A) _bTC 1472 Asad Ali Raza Khan |
||
| 100 |
_aTC 1472 Asad Ali Raza Khan _948129 |
||
| 245 |
_aEvaluation of cellulose based stone mastic asphalt on a test section in pakistan _cTC 1472 Asad Ali Raza Khan, TC 1470 Muhammad Amir Hamza Khan |
||
| 260 |
_aRisalpur _bTC 1472 Asad Ali Raza Khan _cc2010 |
||
| 300 | _a62 p. : | ||
| 526 |
_a0 _b0 _c0 _dP_000000000000000_435A_TC_1472 |
||
| 526 |
_a0 _b0 _c0 _dP_000000000000000_435B_TC_1472 |
||
| 700 |
_aLt Col Kashif Ahmad Khan _948130 |
||
| 942 |
_2ddc _cBK |
||
| 999 |
_c551158 _d551158 |
||